000 00939nam a2200253Ia 4500
003 OSt
005 20220923221542.0
006 a|||||r|||| 00| 0
007 ta
008 220922b |||||||| |||| 00| 0 hin d
024 _a198,099
037 _cTextual
040 _aARTS
_cARTS
_bhin
041 _2hin
_ahin
082 _aP1520bX62:8, M6
100 _aझाल्टे, दंगल
245 0 _aराष्ट्र्ीयकृत बैंकों मे हिन्दी प्रयोग की नई दिश्।ाएं
246 _aRāṣhṭrīyakṛut baiankoan me hindī prayog kī naī dish।āean
260 _aनई दिल्ली
_b वाण्।ी प्रकाश्।क
_c1986
300 _a194पृ.
_ccm.
650 _aभाषाशास्त्र
942 _hP1520bX62:8, M6
_cTEXL
_2CC
999 _c349968
_d349968